• 首页
  • 本馆介绍
  • 公告通知
  • 最新文献
  • 馆藏检索
  • 电子资源
  • 读者导购
  • 参考咨询
  • 我的图书馆
  • 登录
  • 详细信息显示
  • 放入我的书架
  • 预约/预借图书
  • 作者相关作品
  • 分类相关作品
  • 丛书相关作品
  • 出版社相关作品

书目信息

  • 表格格式
  • 工作单格式
  • 卡片格式
书名: Preventing deadly conflict
作者: Carnegie Commission on Preventing Deadly Conflict.
分册号:
分册名:
出版地: New York :
 
出版社: Carnegie Corporation
出版时间: 1997.
页数: 256 p. :
开本: 26cm.
丛书名:
中图分类号:
科图分类号:
其他分类号: D815.3
主题词:
电子资源:
000 00517nam 2200157 a 4500
001 E0731976093
005 20070512085928.82
008 070512s1997 00010 eng
020    @a1-885039-01-8.
040    @aPFT@beng
090    @aD815.3
099    @dD815.3@ex33
245    @aPreventing deadly conflict :@bfinal report / @cCarnegie Commission on Preventing Deadly Conflict.
260    @aNew York :@bCarnegie Corporation,@c1997.
300    @a256 p. :@bill. ;@c26cm.
710    @aCarnegie Commission on Preventing Deadly Conflict
    
    Preventing deadly conflict : : final report / / Carnegie Commission on Preventing Deadly Conflict.-New York : : Carnegie Corporation, , 1997.
    256 p. : : ill. ; ; 26cm.
    
    
    ISBN 1-885039-01-8.
    
●
相关链接 在E读中查询图书 在五车中查询图书 在当当中查询图书 在豆瓣中查询图书


正题名:Preventing deadly conflict     索取号:D815.3/x33         预约/预借

序号 登录号 条形码 馆藏地/架位号 状态 备注
1 7969   300079698   第二样本阅览室/ [索取号:D815.3/x33] 在馆    
唐山师范学院图书馆 欢迎您!
大连网信软件有限公司© 版权所有